Countries By Most Famous Dish - Statistics

General Stats
  • This quiz has been taken 47 times
  • The average score is 20 of 30
Answer Stats
Hint Answer % Correct
Taco Mexico
100%
Fish and Chips United Kingdom
100%
Croissant France
98%
Pizza Italy
98%
Frankfurter Sausage Germany
96%
Buffalo Wings United States of America
93%
Dumplings China
89%
Pierogi Poland
87%
Goulash Hungary
84%
Shepherds Pie Ireland
80%
Borscht Ukraine
80%
Samosa India
76%
Empanadas Spain
76%
Moussaka Greece
73%
Feijoada Brazil
71%
Nasi Goreng Indonesia
64%
Couscous Algeria
56%
Karelian Stew Finland
56%
Poffertjes Netherlands
56%
Bandeja Paisa Colombia
53%
Rosti Switzerland
53%
Ropa Vieja Cuba
51%
Ful Medames Egypt
51%
Pounded Yam Nigeria
51%
Larb Laos
33%
Adabo Philippines
33%
Pepian Guatemala
31%
Black Rissotto Croatia
29%
Flying Fish Barbados
24%
Harissa Armenia
18%
No matching quizzes found
Score Distribution
Percent of People with Each Score
Percentile by Number Answered
Your Score History
You have not taken this quiz